000 01232nam a2200289 i 4500
003 DO-SdBNP
005 20250623123401.0
006 a||||gr|||| 00| 0
007 ta
008 240722t2011 dr ||||| |||| 00| e spa d
020 _a9789945469783
040 _aDO-SdBNP
_bspa
_cBNPHU
_erda
082 4 _222
_bA512c
245 0 0 _aAmérica contra Trujillo:
_b(documentos políticos) /
_c editor; León Félix Batista, Asesor, Bernardo Vega.
264 4 _aSanto Domigo :
_bEditorial Nacional,
_c©2011
300 _a208 páginas :
_c23 cm.
336 _2rdamedia
_asin mediación
_bn
337 _2rdamedia
_asin mediación
_bn
338 _2rdacarrier
_avolumen
_bnc
490 0 _a30 de Mayo: Puerta a la Libertad.
505 _aAmérica Contra Trujillo.
_tEl Mundo y Trujillo.--
_tHombres Libres de América Frente a Trujillo.--
_tLa Situación Política y Económica de la República Dominicana.--
_tLos Enemigos de la Revolución Dominicana.--
_tUna Humilde Contribución a la Justa Causa Dominicana.
590 _aInventariado 2024 / MF
650 4 _aDictadura de Trujillo
_985510
_zRepública Dominicana
700 1 _aBatista, León Félix,
_d1964-
_912031
_eeditor
700 2 _aVega, Bernardo,
_d1938 -
_93222
942 _2ddc
_cLBS1
999 _c57327
_d57327